000 00341nam a2200145Ia 4500
008 230917s9999||||xx |||||||||||||| ||und||
040 _e153629
_aMAIN
041 _aEnglish
082 _a294.12 S23R
100 _aSharma Sri Ram
245 0 _aRgveda kand-I
260 _abrali
_bSanskrit sansthan
_c1976
300 _a480 p.
942 _cBK
999 _c194250
_d194250